| 000 | 00701nam a22002057a 4500 | ||
|---|---|---|---|
| 005 | 20100806144535.0 | ||
| 010 | _aENG-98486 | ||
| 020 |
_a9788187496939 _c250.00 |
||
| 035 | _aEN-82019 | ||
| 037 | _bDBAD/PUB | ||
| 082 | _a921 | ||
| 100 |
_aNamboodiripad, E.M.S. _98986 |
||
| 245 |
_aThe frontline years : _cby E.M.S.Namboodiripad _bselected articles / |
||
| 260 |
_aNew Delhi _bLeftword Books _c2010 |
||
| 270 |
_a12 Rajendra Prasad Road _bNew Delhi _e110001 |
||
| 300 |
_a236p. _c22cm (pbk) |
||
| 650 |
_a Socialism _x History _y20th century _zIndia _98987 |
||
| 942 |
_2ddc _cEN _h921 _mNAM |
||
| 999 |
_c39823 _d39823 |
||